Score 0/13 Timer 10:00
0 Plays Today
Hint Answer % Correct
''Did you guys have practice or did you loose your balls'Aria
98.8%
She's gone, but she's everywhereSpencer
98.8%
That was my Anna's couchSpencer
98.8%
Umm Nate, she's gay, she dated your cousinHanna
97.5%
You kiss pretty good for a man without his spleenHanna
97.5%
I have to barrow Emily for some girl talk,not girl on girl talk, just girl talkHanna
97.5%
Three against one, A winsEmily
94.4%
That's a very pretty dress. But you should know, it gives you back fatCaleb
90.7%
Whatever it is I'm sure I'll love it, and if not I'll return itMona
88.5%
Whisper whisper whisper, almost feels like Alison is still hereJenna
84.4%
They,re the police. They can make two plus two equal five.Toby
78.2%
Do not use this weekend to discover beer pongElla
59.2%
(2 people) we understand you have a boyfriend, we've all had them. Yeah even Emily Aria and Hanna
42.7%
Remove Ads.
Support Sporcle.
Get the best of Sporcle when you Go Orange. This ad-free experience offers more features, more stats, and more fun while also helping to support Sporcle. Thank you for becoming a member.

You're not logged in!

Compare scores with friends on all Sporcle quizzes.
OR
Log In

Show Comments

Extras

Created Oct 28, 2013ReportNominate
Tags:liar, little, Pretty

Top Quizzes Today


Score Distribution

Your Account Isn't Verified!

In order to create a playlist on Sporcle, you need to verify the email address you used during registration. Go to your Sporcle Settings to finish the process.

Report this User

Report this user for behavior that violates our Community Guidelines.

Details: